Código sustantivo del trabajo y código procesal del trabajo
Saved in:
| Format: | Bog |
|---|---|
| Sprog: | spansk |
| Udgivet: |
Bogotá
Voluntad
1968
|
| Udgivelse: | 17a. ed |
| Serier: | Codex Brevis
|
| Fag: | |
| Tags: |
Tilføj Tag
Ingen Tags, Vær først til at tagge denne postø!
|
MARC
| LEADER | 00000nam a2200000 a 4500 | ||
|---|---|---|---|
| 001 | UCS2569 | ||
| 003 | CL-VaPUC | ||
| 008 | 970604e19680000CK |||||||||||||||||spa|d | ||
| 082 | 0 | 4 | |a 344.01 |b COD |2 21 |
| 245 | 1 | 0 | |a Código sustantivo del trabajo y código procesal del trabajo |
| 250 | |a 17a. ed | ||
| 300 | |a 910 p | ||
| 942 | |c BK | ||
| 945 | |d 19970604 00:00:00 |a paguirre | ||
| 260 | |a Bogotá |b Voluntad |c 1968 | ||
| 650 | 7 | |a DERECHO LABORAL |2 CL-VaPUC |9 15 | |
| 650 | 7 | |a CONTRATO DE TRABAJO |2 CL-VaPUC |9 388159 | |
| 650 | 0 | |a Empresas |9 255569 | |
| 650 | 7 | |a JORNADA DE TRABAJO |2 CL-VaPUC |9 388087 | |
| 650 | 7 | |a DESCANSO REMUNERADO |2 CL-VaPUC |9 388160 | |
| 650 | 7 | |a REMUNERACIONES |2 CL-VaPUC |9 371777 | |
| 650 | 0 | |a Seguridad social |9 255322 | |
| 650 | 0 | |a Seguridad en el trabajo |9 339687 | |
| 650 | 0 | |a Condiciones de trabajo |9 359118 | |
| 650 | 0 | |a Sindicatos |9 255034 | |
| 651 | 0 | |a Colombia |9 256424 | |
| 583 | |a last modification |c 20170712 04:28:58 |k Rodrigo Vera | ||
| 490 | 0 | |a Codex Brevis | |
| 999 | |c 260515 |d 260513 | ||
| 952 | |0 0 |1 0 |4 0 |6 344_010000000000000_COD_1968 |7 0 |8 A |9 286701 |a BIBDER |b BIBDER |d 2019-11-19 |i 1861328 |o 344.01 COD 1968 |p 1861328 |r 2023-01-25 |w 2019-11-19 |y BK |k DER | ||